Фильмы с Киану Ривзом - Армагеддон - Statistics

General Stats
  • This quiz has been taken 20 times
  • The average score is 10 of 20
Answers on the Grid
Answers color-coded by a green-red scale on the quiz's grid according to % correct below.
Народ против Ларри Флинта
Скорость
Колдун
Будь круче
Прогулка в облаках
Джон Уик
Призрак в доспехах
Нирвана
Мой личный штат Айдахо
Киборг
Восхождение Юпитер
Матрица
47 ронинов
Беовульф
Джонни-мнемоник
Цепная реакция
Год дракона
Токийский скиталец
Неоновый демон
Остаток дня
Прибытие
Балерина
Невероятные приключения Билла и Теда
Секс, ложь и видео
На гребне волны
Репродукция
Тёмный город
Время убивать
Маленький Будда
Обречённость
Живая сталь
Константин
Наблюдатель
Правила дома сидра
На берегу реки
Власть пса
Помутнение
Сладкий ноябрь
Морган
День, когда Земля остановилась
 
Answer Stats
Answer % Correct
Джон Уик
100%
Матрица
89%
Константин
89%
На гребне волны
72%
Скорость
61%
Невероятные приключения Билла и Теда
61%
47 ронинов
61%
Джонни-мнемоник
56%
Балерина
56%
Сладкий ноябрь
56%
День, когда Земля остановилась
50%
Маленький Будда
39%
Мой личный штат Айдахо
33%
Помутнение
33%
Репродукция
28%
Прогулка в облаках
22%
На берегу реки
22%
Наблюдатель
17%
Цепная реакция
11%
Неоновый демон
6%
No matching quizzes found
Score Distribution
Percent of People with Each Score
Percentile by Number Answered
Your Score History
You have not taken this quiz